000 00636nam a2200217Ia 4500
005 20250508154609.0
008 008 250505s9999 xx 000 0 eng d
037 _aTextual
040 _aFEDL
_beng
_cFEDL
041 _aeng
_2eng
084 _a155.4, BLA
_qFEDL
100 _aBlair Arthur Witt
_988627
245 0 _aGrowth and development of the preadolescent
260 _aCalcutta, India
_bOxford and IBH Publishing Co.
_c1966
300 _aviii,221p.
365 _aINR
_b1500
650 _aChild Psychology
700 _a Burton William H.
_9765690
942 _cTEXL
_h155.4, BLA
999 _c1351113
_d1351113